|
|
|
|
| LEADER |
01643nam a2200385 a 4500 |
| 001 |
c000319921 |
| 003 |
CARM |
| 005 |
20000913202804.0 |
| 008 |
730420r1973 nyua b 001 0 eng |
| 010 |
|
|
|a 73002536
|
| 019 |
1 |
|
|a 499391
|5 LACONCORD2021
|
| 020 |
|
|
|a 040505114X
|
| 035 |
|
|
|a (OCoLC)622495
|5 LACONCORD2021
|
| 040 |
|
|
|a LC
|b eng
|c LC
|d LC
|
| 043 |
|
|
|a n-us---
|
| 050 |
|
0 |
|a HD9721.A457
|b T38 1973
|
| 050 |
|
4 |
|a HD9721.A457
|b T38 1973
|
| 082 |
0 |
0 |
|a 331/.0973
|
| 082 |
0 |
4 |
|a 331/.0973
|
| 100 |
1 |
|
|a Taylor, Albion Guilford,
|d 1886-
|
| 245 |
1 |
0 |
|a Labor policies of the National Association of Manufacturers.
|
| 260 |
|
|
|a New York,
|b Arno Press,
|c 1973 [c1928]
|
| 300 |
|
|
|a 184 p.
|b illus.
|c 23 cm.
|
| 490 |
0 |
|
|a Big business: economic power in a free society
|
| 500 |
|
|
|a Reprint of the ed. published by University of Illinois, Urbana, which was issued as v. 15, no. 1 of University of Illinois studies in the social sciences.
|
| 500 |
|
|
|a Originally presented as the author's thesis, University of Illinois, 1927.
|
| 504 |
|
|
|a Bibliography: p. 172-182.
|
| 610 |
2 |
0 |
|a National Association of Manufacturers (U.S.)
|
| 610 |
2 |
4 |
|a National Association of Manufacturers (U.S.)
|
| 650 |
|
0 |
|a Industrial relations
|z United States.
|
| 730 |
0 |
|
|a Illinois studies in the social sciences.,
|o v. 15, no. 1.
|
| 830 |
|
0 |
|a University of Illinois studies in the social sciences ;
|v v. 15, no. 1.
|
| 852 |
8 |
|
|b CARM
|h A1:AL23F0
|i B10246
|p 0460699
|f BK
|
| 999 |
f |
f |
|i 987644c8-4502-58bf-aaef-55239d69e72c
|s 2914fb4f-4b4c-5b6b-adaa-a3795f192fef
|
| 952 |
f |
f |
|p Can circulate
|a CAVAL
|b CAVAL
|c CAVAL
|d CARM 1 Store
|e B10246
|f A1:AL23F0
|h Other scheme
|i book
|m 0460699
|